[Event "Blankenese op 3rd"]
[Site "Hamburg"]
[Date "2019.10.03"]
[Round "2"]
[White "Toepfer, Ralf"]
[Black "Lu, Yunong Elias"]
[Result "1/2-1/2"]
[WhiteElo "1646"]
[BlackElo "1347"]
[PlyCount "54"]
[EventDate "2019.10.03"]
[EventType "swiss"]
[EventRounds "7"]
[EventCountry "GER"]
[SourceTitle "EXT 2023"]
[Source "ChessBase"]
[SourceDate "2022.10.05"]
[SourceVersion "1"]
[SourceVersionDate "2022.10.05"]
[SourceQuality "1"]

1. e4 e5 2. Nf3 Nc6 3. Bb5 a6 4. Ba4 Nf6 5. d3 b5 6. Bb3 d6 7. c3 Be6 8. 0-0 Be7 9. Re1 0-0 10. d4 Bxb3 11. axb3 exd4 12. cxd4 Re8 13. Nbd2 Bf8 14. Qc2 Qd7 15. Nf1 d5 16. e5 Ne4 17. Be3 Nb4 18. Qe2 f6 19. exf6 Nxf6 20. Ne5 Qd6 21. Rac1 Nd7 22. f4 Nxe5 23. dxe5 Qd7 24. Red1 Rad8 25. Bc5 Bxc5+ 26. Rxc5 Qf7 27. Qf3 d4 1/2-1/2